LIBRARY & INFORMATION CENTRE, KCAET, TAVANUR

ONLINE PUBLIC ACCESS CATALOGUE (OPAC)

Novel Siddhiyum sadhanayum / (Record no. 11740)

MARC details
000 -LEADER
fixed length control field 00412cam a2200157ua 4500
041 ## - LANGUAGE CODE
Language code of text/sound track or separate title mal
082 ## - DEWEY DECIMAL CLASSIFICATION NUMBER
Classification number 894.81209
Item number BAL/NO
100 ## - MAIN ENTRY--AUTHOR NAME
Personal name Balakrishnan, .
245 ## - TITLE STATEMENT
Title Novel Siddhiyum sadhanayum /
260 ## - PUBLICATION, DISTRIBUTION, ETC. (IMPRINT)
Place of publication :
Name of publisher Sahitiya pravarthaka C.S. Ltd ,
Year of publication 1968.
300 ## - PHYSICAL DESCRIPTION
Number of Pages 327 ; .

No items available.

free website counter